Humanismo y educación / (Record no. 28941)
[ view plain ]
| 000 -CABECERA | |
|---|---|
| campo de control de longitud fija | 00550nam a2200181 a 4500 |
| 005 - FECHA Y HORA DE LA ÚLTIMA TRANSACCIÓN | |
| campo de control | 20240924070729.0 |
| 008 - ELEMENTOS DE LONGITUD FIJA--INFORMACIÓN GENERAL | |
| campo de control de longitud fija | 991125s1961 ag 000 0 spa u |
| 035 ## - NÚMERO DE CONTROL DEL SISTEMA | |
| Número de control de sistema | UPN01000028941 |
| 049 ## - COLECCIÓN | |
| Colección | F |
| 050 #4 - SIGNATURA TOPOGRÁFICA DE LA BIBLIOTECA DEL CONGRESO | |
| Número de clasificación | LC1043 |
| Número de documento/Ítem | T3.3 |
| 100 1# - ASIENTO PRINCIPAL--NOMBRE PERSONAL | |
| Nombre de persona | Tacca, Oscar Ernesto |
| 245 10 - MENCIÓN DE TÍTULO | |
| Título | Humanismo y educación / |
| Mención de responsabilidad, etc. | Oscar Ernesto Tacca. |
| 260 ## - PUBLICACIÓN, DISTRIBUCIÓN, ETC. | |
| Lugar de publicación, distribución, etc. | Santa Fe, Arg. : |
| Nombre del editor, distribuidor, etc. | Universidad Nacional del Litoral, Departamento de Pedagogía Universitaria, |
| Fecha de publicación, distribución, etc. | 1961. |
| 300 ## - DESCRIPCIÓN FÍSICA | |
| Extensión | 38 p. |
| 440 #0 - MENCIÓN DE SERIE/ASIENTO SECUNDARIO--TÍTULO | |
| Título | Estudios y trabajos ; |
| Designación de volumen o secuencia | 3 |
| 650 #4 - ASIENTO SECUNDARIO DE MATERIA - TERMINO TEMATICO | |
| Término de materia o nombre geográfico como elemento de entrada | Humanismo |
| 9 (RLIN) | 14067 |
| 905 ## - TIPO DE MATERIAL | |
| Tipo de material | Libro |
| Estado de retiro | Estado de pérdida | Fuente del sistema de clasificación o colocación | Estado dañado | No para préstamo | Código de colección | Localización permanente | Ubicación/localización actual | Ubicación en estantería | Total de préstamos | Clasificación | Código de barras | Fecha visto por última vez | Número de copia | Tipo de ítem Koha |
|---|---|---|---|---|---|---|---|---|---|---|---|---|---|---|
| Library of Congress Classification | Folletos | Folletería | Bib. Gregorio Torres Quintero | Bib. Gregorio Torres Quintero | Folletos | 1 | LC1043 T3.3 | 1230 | 31/12/2020 | 1 | Libro |
